Know the root cause of subsidence. (Record no. 60367)
[ view plain ]
| 000 -LEADER | |
|---|---|
| fixed length control field | 00935cam a2200217 4500 |
| 001 - CONTROL NUMBER | |
| control field | ABS60720 |
| 008 - FIXED-LENGTH DATA ELEMENTS--GENERAL INFORMATION | |
| fixed length control field | 000000n1999 000 0 eng u |
| 035 ## - SYSTEM CONTROL NUMBER | |
| System control number | (Sirsi) u101206 |
| 100 ## - MAIN ENTRY--PERSONAL NAME | |
| Personal name | Evans, D. |
| 245 ## - TITLE STATEMENT | |
| Title | Know the root cause of subsidence. |
| 260 ## - PUBLICATION, DISTRIBUTION, ETC. | |
| Date of publication, distribution, etc. | 1999 |
| 490 ## - SERIES STATEMENT | |
| Series statement | CSM |
| -- | Chartered Surveyor Monthly |
| Volume/sequential designation | 8(10) June 1999, 38-39(2) |
| 520 ## - SUMMARY, ETC. | |
| Summary, etc. | Climatic change, including lower rainfall and higher temperatures, has meant an increase in subsidence claims, with trees often being blamed for the damage. The author argues, however, that most claims made against trees are unfounded and based on inaccurate or misleading advice, and emphasises the need for surveyors and valuers to be aware of best practice. |
| 650 ## - SUBJECT ADDED ENTRY--TOPICAL TERM | |
| Topical term or geographic name entry element | SUBSIDENCE |
| 650 ## - SUBJECT ADDED ENTRY--TOPICAL TERM | |
| Topical term or geographic name entry element | TREE DAMAGE |
| 650 ## - SUBJECT ADDED ENTRY--TOPICAL TERM | |
| Topical term or geographic name entry element | SOIL SHRINKAGE |
| 650 ## - SUBJECT ADDED ENTRY--TOPICAL TERM | |
| Topical term or geographic name entry element | CLIMATE CHANGE |
| 650 ## - SUBJECT ADDED ENTRY--TOPICAL TERM | |
| Topical term or geographic name entry element | PROFESSIONAL ADVICE |
| 690 ## - LOCAL SUBJECT ADDED ENTRY--TOPICAL TERM (OCLC, RLIN) | |
| Topical term or geographic name as entry element | BUILT ENVIRONMENT-BUILDING PATHOLOGY |
| 942 ## - ADDED ENTRY ELEMENTS (KOHA) | |
| Suppress in OPAC | 0 |
| Withdrawn status | Lost status | Source of classification or shelving scheme | Damaged status | Not for loan | Home library | Current library | Shelving location | Date acquired | Total Checkouts | Full call number | Barcode | Date last seen | Copy number | Price effective from | Koha item type |
|---|---|---|---|---|---|---|---|---|---|---|---|---|---|---|---|
| Dewey Decimal Classification | London | London | Journal article | 02/11/1999 | ABS60720 | 101206-1001 | 06/08/2019 | 1 | 06/08/2019 | Journal article |